[Event "Game"]
[Site "http://www.queenalice.com/game.php?id=343903"]
[Date "2008.1.27"]
[Round "-"]
[White "gianfelippe"]
[Black "sheepdog"]
[Result "1-0"]
[WhiteElo "1644"]
[BlackElo "1471"]

1. e4 c5 2. e5 Nc6 3. Nf3 d6 4. exd6 exd6 5. Bb5 a6 6. Bxc6+ bxc6 7. d4 Nf6 8.
dxc5 dxc5 9. Qxd8+ Kxd8 10. O-O Bd6 11. Bg5 Be6 12. Nc3 h6 13. Bxf6+ gxf6 14.
Rad1 Kc7 15. a4 Rhd8 16. b3 Be5 17. Ne4 Bf5 18. Nxc5 Rxd1 19. Rxd1 Rd8 20. Rc1
Bf4 21. Re1 Bd6 22. b4 Kb6 23. c3 Bxc5 24. bxc5+ Kxc5 25. g3 Bh3 26. Nd4 Bd7 27.
Re7 Bg4 28. Rxf7 Bh3 29. Rxf6 Rb8 30. Rxc6+ Kd5 31. f4 Rb1+ 32. Kf2 Bg4 33. Rxa6
Rb2+ 34. Kg1 Bh3 35. Rxh6 Rb1+ 36. Kf2 Bf1 37. f5 1-0

[Event "Game"]
[Site "http://www.queenalice.com/game.php?id=343904"]
[Date "2008.1.27"]
[Round "-"]
[White "sheepdog"]
[Black "gianfelippe"]
[Result "0-1"]
[WhiteElo "1439"]
[BlackElo "1661"]

1. d4 d5 2. Nc3 Nf6 3. Bf4 Nc6 4. Nb5 Rb8 5. Bxc7 Qd7 6. Bxb8 Nxb8 7. e3 e6 8.
Nf3 Bb4+ 9. c3 Ba5 10. Nxa7 O-O 11. Nxc8 Qxc8 12. Qd3 Qc6 13. Be2 Qd6 14. Qc2
Nc6 15. Bd3 e5 16. dxe5 Nxe5 17. O-O Nxd3 18. Qxd3 Qb8 19. h3 Qc7 20. b4 Bb6 21.
a4 Ne4 22. Qxd5 Nxc3 23. Qe5 Qxe5 24. Nxe5 Bc7 25. Nd7 Rd8 26. Nc5 Rb8 27. Ra3
Ne2+ 28. Kh1 b6 29. Re1 bxc5 30. Rxe2 cxb4 31. Rd3 g6 32. Rb2 Be5 33. Rbb3 Rc8
34. g3 Rb8 35. Rd5 Bc3 36. Rb5 Ra8 0-1

[Event "Game"]
[Site "http://www.queenalice.com/game.php?id=343927"]
[Date "2008.1.27"]
[Round "-"]
[White "sheepdog"]
[Black "gianfelippe"]
[Result "0-1"]
[WhiteElo "1462"]
[BlackElo "1653"]

1. d4 d5 2. Nc3 Nf6 3. Bf4 Nc6 4. Nb5 Rb8 5. Bxc7 Qd7 6. Bxb8 Nxb8 7. e3 e6 8.
Nf3 Bd6 9. Nxa7 Bb4+ 10. c3 Ba5 11. Bb5 Nc6 12. Ne5 Qc7 13. Qa4 O-O 14. O-O Nxa7
15. Bd3 Nd7 16. b4 Nxe5 17. dxe5 Bb6 18. Qc2 Qxe5 19. Bxh7+ Kh8 20. Rae1 Nb5 21.
Qd3 Nxc3 22. f4 Qc7 23. Rc1 Qd6 24. Rxc3 Qxb4 25. Rb3 Qc5 26. Rfb1 Qxe3+ 27.
Qxe3 Bxe3+ 28. Rxe3 Kxh7 29. Rh3+ Kg8 30. Rb4 Rd8 31. a4 d4 32. Rb5 e5 33. Rh4
f6 34. fxe5 d3 35. exf6 d2 36. f7+ Kxf7 37. Rf4+ Kg8 38. Rf1 d1=Q 39. Rb1 Qxa4
0-1

[Event "Game"]
[Site "http://www.queenalice.com/game.php?id=343928"]
[Date "2008.1.27"]
[Round "-"]
[White "gianfelippe"]
[Black "sheepdog"]
[Result "0-1"]
[WhiteElo "1471"]
[BlackElo "1500"]

1. e4 c5 2. e5 d6 3. exd6 exd6 4. Bb5+ Nc6 5. Bxc6+ bxc6 6. d4 cxd4 7. Qxd4 Nf6
8. Nf3 Qb6 9. Qxb6 axb6 10. O-O d5 11. Nc3 Bc5 12. b3 Bf5 13. Re1+ Be6 14. Ne5
Ne4 15. Nxe4 dxe4 16. Rxe4 O-O 17. Nxc6 Bd7 18. Ne5 Rfe8 19. Bf4 Bf5 20. Re2 f6
21. c4 fxe5 22. Bxe5 Bd6 23. Rae1 Rxe5 24. Rxe5 Bxe5 25. Rxe5 Rf8 26. Rb5 Rd8
27. g3 Bh3 28. Rxb6 Rd1# 0-1

[Event "Game"]
[Site "http://www.queenalice.com/game.php?id=343937"]
[Date "2008.1.27"]
[Round "-"]
[White "gianfelippe"]
[Black "castlerock"]
[Result "1-0"]
[WhiteElo "1501"]
[BlackElo "1456"]

1. e4 e5 2. Nc3 Nf6 3. Nf3 Bc5 4. d4 Bb6 5. d5 d6 6. Bg5 Nbd7 7. Bb5 O-O 8. O-O
c6 9. Bxf6 Nxf6 10. dxc6 a6 11. Ba4 bxc6 12. Bxc6 Ra7 13. Bd5 Kh8 14. Qd3 Rd7
15. Bc6 Rc7 16. Bd5 Ng4 17. Nd1 f5 18. exf5 Bxf5 19. Qxa6 Ra7 20. Qc4 Rc7 21.
Qb4 Bc5 22. Qa5 Bxc2 23. Qd2 Bb6 24. Qg5 Qd7 25. h3 Nf6 26. Qd2 Rfc8 27. Rc1 Rc5
28. Ne3 Ba5 29. b4 Bxb4 30. Qxb4 Nxd5 31. Nxd5 Rxd5 32. Qb2 Rb5 33. Qa3 Rbc5 34.
Ne1 Bf5 35. Rxc5 Rd8 36. Rc4 h6 37. Nd3 d5 38. Rc5 Qe6 39. Ra5 e4 40. Nf4 Qe5
41. Ne2 Qe8 42. Nd4 Bg6 43. Qc5 Qf7 44. a4 Rf8 45. Nc2 Rd8 46. Ne3 Rf8 47. Qxd5
Qf4 48. Qe5 Qh4 49. Qd6 Bf5 50. Qxf8+ 1-0

[Event "Game"]
[Site "http://www.queenalice.com/game.php?id=343938"]
[Date "2008.1.27"]
[Round "-"]
[White "castlerock"]
[Black "gianfelippe"]
[Result "0-1"]
[WhiteElo "1342"]
[BlackElo "1459"]

1. e4 e5 2. Bc4 Nf6 3. Nc3 Nc6 4. Nf3 Bb4 5. a3 Bxc3 6. bxc3 Nxe4 7. O-O O-O 8.
Bb2 d5 9. Bb3 Nf6 10. d4 e4 11. Ne5 Bd7 12. c4 dxc4 13. Nxc4 Bg4 14. f3 exf3 15.
gxf3 Be6 16. Qd3 Bh3 17. Rfd1 Qd5 18. Ne5 Qd6 19. f4 Be6 20. Ba4 Ng4 21. Nxc6
Qxf4 22. Rf1 Qxh2# 0-1

[Event "Game"]
[Site "http://www.queenalice.com/game.php?id=361515"]
[Date "2008.2.26"]
[Round "-"]
[White "windows"]
[Black "gianfelippe"]
[Result "1-0"]
[WhiteElo "1832"]
[BlackElo "1657"]

1. e4 e5 2. Nf3 Nc6 3. Bc4 Nf6 4. d3 d5 5. exd5 Nxd5 6. O-O Bb4 7. c3 Bc5 8. d4
exd4 9. Re1+ Nde7 10. cxd4 Bxd4 11. Nxd4 Qxd4 12. Qxd4 Nxd4 13. Bg5 Nc2 14.
Rxe7+ Kd8 15. Rxf7+ Ke8 16. Re7+ Kf8 17. Rf7+ Ke8 18. Na3 Nxa1 19. Re7+ Kf8 20.
Re1 b6 21. Rxa1 Bf5 22. Re1 c5 23. Be7+ Ke8 24. Nb5 Kd7 25. Re5 Rhe8 26. Rxf5
Rxe7 27. g3 g6 28. Rd5+ Ke8 29. Bb3 Rd8 30. Rg5 Rd2 31. Rg4 Rxb2 32. Nd6+ Kd7
33. Nc4 Rbe2 34. Rf4 Kc6 35. Rf6+ Kb5 36. Nd6+ Ka5 37. Rf4 b5 38. Nxb5 Kxb5 39.
Bc4+ Kb4 40. Bxe2+ Ka5 41. Bf3 Rc7 42. h4 c4 43. Rd4 c3 44. Rd1 c2 45. Rc1 Ka4
46. Be4 Ka3 47. Rxc2 Re7 48. Bd5 1-0

[Event "Game"]
[Site "http://www.queenalice.com/game.php?id=361516"]
[Date "2008.2.26"]
[Round "-"]
[White "gianfelippe"]
[Black "windows"]
[Result "0-1"]
[WhiteElo "1555"]
[BlackElo "1733"]

1. e4 e5 2. Nf3 Nc6 3. Nc3 Bb4 4. Bb5 Nf6 5. Bxc6 dxc6 6. O-O O-O 7. Nxe5 Bxc3
8. dxc3 Qe7 9. Qd4 c5 10. Qc4 Qxe5 11. Be3 Ng4 12. g3 Nxe3 13. Qd3 Ng4 14. h4
Be6 15. b4 cxb4 16. cxb4 Rad8 17. Qa3 Qxe4 18. f3 Qd4+ 19. Kg2 Qd2+ 20. Kg1 Qh2#
0-1

[Event "Game"]
[Site "http://www.queenalice.com/game.php?id=361519"]
[Date "2008.2.26"]
[Round "-"]
[White "gianfelippe"]
[Black "rob0330"]
[Result "1-0"]
[WhiteElo "1544"]
[BlackElo "1803"]

1. e4 e5 2. Nf3 Nc6 3. Nc3 g6 4. Bb5 Bg7 5. O-O Nge7 6. d3 O-O 7. Bg5 a6 8. Bxc6
bxc6 9. d4 exd4 10. Nxd4 c5 11. Nf3 d6 12. Qd2 Bb7 13. Bh6 Bxc3 14. Qxc3 f6 15.
Bxf8 Qxf8 16. Rfe1 Re8 17. Qb3+ d5 18. Qxb7 Rb8 19. Qxc7 Rxb2 20. Qxc5 Rb5 21.
Qd4 1-0

[Event "Game"]
[Site "http://www.queenalice.com/game.php?id=361520"]
[Date "2008.2.26"]
[Round "-"]
[White "rob0330"]
[Black "gianfelippe"]
[Result "0-1"]
[WhiteElo "1832"]
[BlackElo "1515"]

1. b3 e5 2. Bb2 e4 3. e3 Nf6 4. f3 exf3 5. Nxf3 d5 6. Be2 Bb4 7. O-O O-O 8. a3
Bc5 9. b4 Bd6 10. c4 dxc4 11. Bxc4 Bg4 12. d3 Nc6 13. Qc2 Bxf3 14. Rxf3 Ne5 15.
Bxe5 Bxe5 16. d4 Bd6 17. e4 Be7 18. d5 Qd6 19. Nc3 Ng4 20. Rh3 Bf6 21. e5 Qb6+
0-1

[Event "AUTO-BEG-168"]
[Site "http://www.queenalice.com/game.php?id=370256"]
[Date "2008.3.13"]
[Round "2"]
[White "kahector"]
[Black "gianfelippe"]
[Result "1-0"]
[WhiteElo "1748"]
[BlackElo "1627"]

1. e4 e5 2. Nf3 Nc6 3. Bb5 Nf6 4. d3 Bb4+ 5. c3 Bc5 6. Bxc6 dxc6 7. Nxe5 O-O 8.
d4 Bd6 9. f4 Nxe4 10. Qd3 Nf6 11. h4 c5 12. g4 cxd4 13. cxd4 Nxg4 14. Nc3 Nf6
15. Bd2 Bg4 16. Ne4 Nxe4 17. Qxe4 b6 18. Nxg4 Re8 19. Ne5 Bxe5 20. fxe5 1-0

[Event "AUTO-BEG-168"]
[Site "http://www.queenalice.com/game.php?id=370257"]
[Date "2008.3.13"]
[Round "2"]
[White "gianfelippe"]
[Black "kahector"]
[Result "0-1"]
[WhiteElo "1639"]
[BlackElo "1736"]

1. e4 c5 2. e5 Nc6 3. Nf3 d6 4. exd6 exd6 5. Bb5 Qe7+ 6. Qe2 Be6 7. O-O Nf6 8.
Nc3 g6 9. Bxc6+ bxc6 10. d3 Ng4 11. Qe4 d5 12. Qf4 Bg7 13. Qg5 Bf6 14. Qf4 O-O
15. Be3 d4 16. Bxd4 cxd4 17. Ne4 Bh4 18. c4 f5 19. Neg5 Bxg5 20. Nxg5 Rab8 0-1

[Event "AUTO-BEG-168"]
[Site "http://www.queenalice.com/game.php?id=370262"]
[Date "2008.3.13"]
[Round "2"]
[White "gianfelippe"]
[Black "animis"]
[Result "0-1"]
[WhiteElo "1616"]
[BlackElo "1953"]

1. e4 c5 2. Nc3 Nc6 3. Nf3 Nf6 4. e5 Ng4 5. Qe2 d6 6. exd6 Qxd6 7. Qe4 Nf6 8.
Qe3 a6 9. Bc4 e6 10. O-O Be7 11. Na4 b5 12. Nb6 Rb8 13. Nxc8 Rxc8 14. Bd3 O-O
15. Be4 Nxe4 16. Qxe4 Bf6 17. d3 Rfd8 18. Qg4 Be7 19. Bh6 Bf8 20. Bg5 Rd7 21.
Bh6 Nb4 22. c4 Nxd3 23. Nd2 Ne5 24. Qg5 Ng6 25. Bxg7 Bxg7 26. cxb5 Qxd2 27. Qxd2
Rxd2 28. bxa6 Rxb2 29. a4 c4 30. Rfc1 c3 31. g3 Bd4 32. h4 Bxf2+ 33. Kg2 Be1+
34. Kh3 Bd2 35. Rf1 c2 36. a7 Ra8 37. a5 Rxa7 38. a6 Ne5 39. Kg2 Ng4 40. Kf3
Nh2+ 41. Kf2 Nxf1 42. Kxf1 Rb1+ 0-1

[Event "AUTO-BEG-168"]
[Site "http://www.queenalice.com/game.php?id=370263"]
[Date "2008.3.13"]
[Round "2"]
[White "animis"]
[Black "gianfelippe"]
[Result "1-0"]
[WhiteElo "1924"]
[BlackElo "1619"]

1. e4 e5 2. f4 exf4 3. Nf3 d5 4. exd5 Qxd5 5. Nc3 Qe6+ 6. Be2 Nf6 7. d4 Bd6 8.
O-O O-O 9. Bd3 Nc6 10. Nb5 Qd5 11. Nxd6 Qxd6 12. c3 Bg4 13. Qc2 g6 14. Ng5 b6
15. Bxf4 Qd7 16. Bb5 Qd5 17. Qd3 Ne7 18. c4 Qf5 19. Qe3 Qc2 20. Qxe7 Ne4 21.
Nxe4 Qxb2 22. Be5 Qe2 23. Nf6+ Kg7 24. Nxg4+ Kg8 25. Nh6# 1-0

[Event "AUTO-BEG-169"]
[Site "http://www.queenalice.com/game.php?id=388049"]
[Date "2008.4.15"]
[Round "2"]
[White "Warley"]
[Black "gianfelippe"]
[Result "1-0"]
[WhiteElo "1860"]
[BlackElo "1646"]

1. e4 e5 2. Nf3 Nc6 3. Bc4 Nf6 4. Ng5 d5 5. exd5 Nxd5 6. Nxf7 Qd7 7. Nxh8 Qe6 8.
Qf3 Nce7 9. Nc3 c6 10. O-O Qg8 11. d4 exd4 12. Ne4 Qxh8 13. Re1 g6 14. Bxd5 Nxd5
15. Nf6+ Kf7 16. Nxd5+ Bf5 17. Nf4 1-0

[Event "AUTO-BEG-169"]
[Site "http://www.queenalice.com/game.php?id=388050"]
[Date "2008.4.15"]
[Round "2"]
[White "gianfelippe"]
[Black "Warley"]
[Result "0-1"]
[WhiteElo "1666"]
[BlackElo "1840"]

1. e4 e5 2. Nc3 Nc6 3. Nf3 Nf6 4. Bb5 Bb4 5. O-O d6 6. d3 O-O 7. Bg5 Bxc3 8.
bxc3 h6 9. Bxf6 Qxf6 10. Bxc6 bxc6 11. c4 Bg4 12. c3 Rab8 13. Qa4 Bxf3 14. gxf3
Qxf3 15. Qxc6 Rb6 16. Qxc7 d5 17. cxd5 Rg6# 0-1

[Event "AUTO-BEG-169"]
[Site "http://www.queenalice.com/game.php?id=388057"]
[Date "2008.4.15"]
[Round "2"]
[White "gianfelippe"]
[Black "patoche"]
[Result "0-1"]
[WhiteElo "1648"]
[BlackElo "2160"]

1. e4 Nc6 2. d4 d5 3. exd5 Qxd5 4. Nc3 Qxd4 5. Qxd4 Nxd4 6. Bb5+ c6 7. Bc4 Nxc2+
8. Kd1 Nxa1 9. Nf3 Bf5 10. Nd4 O-O-O 11. Be3 e5 12. Ne2 exd4 13. Nxd4 c5 14.
Bxf7 cxd4 15. Ke2 dxe3 16. Bxg8 Rxg8 17. Rxa1 exf2 18. Kxf2 Bc5+ 19. Kf3 g5 20.
Rc1 Rd3+ 21. Ke2 Re8+ 0-1

[Event "AUTO-BEG-169"]
[Site "http://www.queenalice.com/game.php?id=388058"]
[Date "2008.4.15"]
[Round "2"]
[White "patoche"]
[Black "gianfelippe"]
[Result "1-0"]
[WhiteElo "2132"]
[BlackElo "1668"]

1. e4 e5 2. Bc4 Nf6 3. Nc3 Bb4 4. d3 O-O 5. Bg5 Nc6 6. Ne2 d6 7. O-O Bg4 8. f3
Bxc3 9. fxg4 Bxb2 10. Rb1 Bd4+ 11. Kh1 Na5 12. Nxd4 exd4 13. Bb3 b6 14. Rf5 c5
15. Bd5 Rb8 16. Qf3 h6 17. Bxf6 gxf6 18. Rxf6 Qd7 19. Qf4 Qa4 20. Rxh6 Qxc2 21.
Qg5# 1-0